<?xml version="1.0" encoding="UTF-8"?>
<record
    xmlns:xsi="http://www.w3.org/2001/XMLSchema-instance"
    xsi:schemaLocation="http://www.loc.gov/MARC21/slim http://www.loc.gov/standards/marcxml/schema/MARC21slim.xsd"
    xmlns="http://www.loc.gov/MARC21/slim">

  <leader>00585nam a22002057a 4500</leader>
  <controlfield tag="003">3228</controlfield>
  <controlfield tag="005">20230731103106.0</controlfield>
  <controlfield tag="008">230731b        sa ||||| |||| 00| 0 eng d</controlfield>
  <datafield tag="020" ind1=" " ind2=" ">
    <subfield code="a">9780431154640</subfield>
    <subfield code="q">paperback</subfield>
  </datafield>
  <datafield tag="040" ind1=" " ind2=" ">
    <subfield code="a">RDA</subfield>
    <subfield code="b">eng</subfield>
    <subfield code="c">3228</subfield>
  </datafield>
  <datafield tag="082" ind1=" " ind2=" ">
    <subfield code="a">J 540 KNAP</subfield>
  </datafield>
  <datafield tag="100" ind1=" " ind2=" ">
    <subfield code="a">Prinja, Raman</subfield>
  </datafield>
  <datafield tag="245" ind1=" " ind2="0">
    <subfield code="a">Comets, asteroids, and meterors/</subfield>
    <subfield code="c">Raman K Prinja</subfield>
  </datafield>
  <datafield tag="260" ind1=" " ind2=" ">
    <subfield code="a">Great Britain</subfield>
    <subfield code="b">Heinemann Library</subfield>
    <subfield code="c">2003</subfield>
  </datafield>
  <datafield tag="300" ind1=" " ind2=" ">
    <subfield code="a">32 pages</subfield>
    <subfield code="b">color illustrations</subfield>
    <subfield code="c">24 cm</subfield>
  </datafield>
  <datafield tag="490" ind1=" " ind2=" ">
    <subfield code="a">The universe</subfield>
  </datafield>
  <datafield tag="500" ind1=" " ind2=" ">
    <subfield code="a">includes index</subfield>
  </datafield>
  <datafield tag="700" ind1=" " ind2=" ">
    <subfield code="9">170921</subfield>
    <subfield code="a">Prinja, Dr. Raman. K</subfield>
  </datafield>
  <datafield tag="942" ind1=" " ind2=" ">
    <subfield code="c">BK</subfield>
    <subfield code="2">ddc</subfield>
    <subfield code="y">923</subfield>
    <subfield code="z">Itumeleng Itswene</subfield>
  </datafield>
  <datafield tag="999" ind1=" " ind2=" ">
    <subfield code="c">82492</subfield>
    <subfield code="d">82491</subfield>
  </datafield>
  <datafield tag="952" ind1=" " ind2=" ">
    <subfield code="0">0</subfield>
    <subfield code="1">0</subfield>
    <subfield code="4">0</subfield>
    <subfield code="7">0</subfield>
    <subfield code="a">THUSL</subfield>
    <subfield code="b">THUSL</subfield>
    <subfield code="d">2021-08-17</subfield>
    <subfield code="g">140.00</subfield>
    <subfield code="l">0</subfield>
    <subfield code="p">3322830157326</subfield>
    <subfield code="r">2021-08-17</subfield>
    <subfield code="w">2021-08-17</subfield>
    <subfield code="y">BK</subfield>
  </datafield>
  <datafield tag="952" ind1=" " ind2=" ">
    <subfield code="0">0</subfield>
    <subfield code="1">0</subfield>
    <subfield code="2">ddc</subfield>
    <subfield code="4">0</subfield>
    <subfield code="7">0</subfield>
    <subfield code="8">500</subfield>
    <subfield code="a">MBOMRL</subfield>
    <subfield code="b">MASOL</subfield>
    <subfield code="c">CHILD</subfield>
    <subfield code="d">2023-07-31</subfield>
    <subfield code="g">286.15</subfield>
    <subfield code="l">0</subfield>
    <subfield code="o">J 540 KNAP</subfield>
    <subfield code="p">33228031033333</subfield>
    <subfield code="r">2023-07-31</subfield>
    <subfield code="w">2023-07-31</subfield>
    <subfield code="y">BK</subfield>
  </datafield>
  <datafield tag="952" ind1=" " ind2=" ">
    <subfield code="0">0</subfield>
    <subfield code="1">0</subfield>
    <subfield code="2">ddc</subfield>
    <subfield code="4">0</subfield>
    <subfield code="7">0</subfield>
    <subfield code="8">500</subfield>
    <subfield code="a">MAFEL</subfield>
    <subfield code="b">MAFEL</subfield>
    <subfield code="c">CHILD</subfield>
    <subfield code="d">2025-04-15</subfield>
    <subfield code="g">150.00</subfield>
    <subfield code="i">LIB03267</subfield>
    <subfield code="o">J 523. 5 PRIN</subfield>
    <subfield code="p">3322802434945</subfield>
    <subfield code="r">2025-04-15</subfield>
    <subfield code="w">2025-04-15</subfield>
    <subfield code="y">BK</subfield>
  </datafield>
  <datafield tag="952" ind1=" " ind2=" ">
    <subfield code="0">0</subfield>
    <subfield code="1">0</subfield>
    <subfield code="2">ddc</subfield>
    <subfield code="4">0</subfield>
    <subfield code="7">0</subfield>
    <subfield code="8">500</subfield>
    <subfield code="a">STANL</subfield>
    <subfield code="b">MALEL</subfield>
    <subfield code="c">GEN</subfield>
    <subfield code="d">2025-07-17</subfield>
    <subfield code="g">40.00</subfield>
    <subfield code="l">1</subfield>
    <subfield code="o">J 523.5 PRIN</subfield>
    <subfield code="p">3300410016983</subfield>
    <subfield code="r">2025-09-16</subfield>
    <subfield code="s">2025-09-16</subfield>
    <subfield code="v">40.00</subfield>
    <subfield code="w">2025-07-17</subfield>
    <subfield code="y">BK</subfield>
  </datafield>
</record>
